000
00191 a2200097 4500
001
18083
100
_a
UNESCO
245
_a
Growth and change
260
_a
_b
UNESCO
_c
090
_c
13377
_d
13377
942
_a
NUST-CAE
_c
M
_c
3755
999
_c
253156
_d
253156